000 00727nam a2200121Ia 4500
008 220620s9999||||xx |||||||||||||| ||und||
245 0 _aImagining Earth
_bConcepts of Wholeness in Cultural Constructions of Our Home Planet
546 _aEnglish[eng]
650 _aSociology||Ecocriticism||Media||Literature||Earth||Culture||Home Planet||Religion||Mythology||Utopia||Nature||Cultural Theory||Cultural Studies||General Literature Studies||Ecology
700 _aNitzke, Solvejg||Pethes, Nicolas
856 _uhttps://library.oapen.org/bitstream/20.500.12657/25378/1/1004718.pdf||https://library.oapen.org/bitstream/20.500.12657/25378/1/1004718.pdf||https://library.oapen.org/bitstream/20.500.12657/25378/1/1004718.pdf
942 _cEB
999 _c32834
_d32834